000 00518 a2200169 4500
003 OSt
005 20231110133945.0
008 231110b |||||||| |||| 00| 0 eng d
020 _a9960740900
040 _coclc
082 _a297.5
_bZIN/I
100 _aZino, Muhammad bin Jamal
_99891
245 _aIslamic guidelines for individual and social reform /
_cMuhammad bin Jamil Zino,
260 _aRiyadh:
_bDarussalam,
_c1996.
300 _a190p
942 _2ddc
_cBK
_h297.5
_iZIN/I
_k297.5
_mZIN/I
999 _c43029
_d43029